000 00838nam a22002297a 4500
005 2010080306446.0
010 _aENG-97925
020 _a9788178311876
_c650.00
035 _aEN-81458
037 _bDBAD/PUB
082 _a338.10951
100 _aB. R. Deepak
_95410
245 _aChina agriculture, countryside and peasants /
_cby B. R. Deepak
260 _aNew Delhi
_bManak Publications
_c2010
270 _aB-7, Saraswati Complex, Subhash Chowk
_bNew Delhi
_e110092
300 _axviii, 181 p.
_c24cm (Hb)
500 _aIncludes bibliographical references and index
650 _aAgricuture
_vEconomic aspects
_95411
700 _94162
942 _2ddc
_cEN
_h338.10951
_mBRD
999 _c39032
_d39032